Statistieken voor Bahrein Trivia Quiz

Klik hier om de quiz te nemen!

Algemene statistieken

  • Deze quiz is 185 keer genomen
  • De gemiddelde score is 14 van 20

Antwoordstatistieken

HintAntwoord% Correct
Land met een vergelijkbare vlag:
Qatar
99%
Officiële taal van BahreinArabisch
95%
Bahrein is verbonden met dit land via een brugSaoedi-Arabië
92%
Europees land waarvan Bahrein in 1971 onafhankelijk werdVerenigd Koninkrijk
92%
Belangrijkste export van BahreinOlie
90%
Noem een van de twee Aziatische landen die kleiner zijn dan BahreinMaldiven | Singapore
88%
Groep die in 2002 stemrecht kreegVrouwen
86%
Bahrein was het eerste Arabische land dat gastheer was van dit autosportkampioenschapFormule 1
81%
Hoofdstad van BahreinManamah
79%
Bahrein heeft de op twee na hoogste _____ van alle landenBevolkings{dichtheid}
73%
Golf waar Bahrein aan ligt{Perzische} golf
73%
Bahrein had er oorspronkelijk 33, maar dankzij landwinning zijn er nu 84Eilanden
63%
Reeks protesten die de Bahreinse opstand van 2011 inspireerdenArabische lente
59%
Valuta van BahreinBahreinse dinar
58%
Oude boom die groeit in de woestijn zonder duidelijke waterbronBoom des {levens}
58%
Slechts 0,78% van het landoppervlak van Bahrein valt hier onderBossen
56%
Vóór de 20e eeuw waren deze kostbare zeeproducten het belangrijkste exportproduct van BahreinParels
56%
Een meerderheid van de Bahreiners behoort tot deze tak van de islamSjiisme
50%
Religieuze leider die Bahrein binnenviel in 624 na ChristusMohammed
49%
De oryx, een soort _____, is het nationale dier van Bahrein (hoewel door jacht hij uitgestorven is)Antilope
48%

Scoreverdeling

Percentiel versus Aantal Correcte Antwoorden

Procent van Mensen met Elke Score

Uw Scoregeschiedenis

U heeft deze quiz nog niet genomen